| 000 | 00935cam a22003137a 4500 | ||
|---|---|---|---|
| 003 | CHAP | ||
| 005 | 20220329140657.0 | ||
| 008 | 971013s1959 r 00010 d | ||
| 010 | _a55884 | ||
| 011 | _a56856 | ||
| 035 | _a61009 | ||
| 040 | _cCHAP | ||
| 082 |
_a575.13 _bZ35 |
||
| 100 | 0 | 0 |
_aZamenhof, Stephen. _9123503 |
| 245 | 1 | 4 | _aThe chemistry of heredity |
| 260 |
_aSpringfield : _bCharles C. Thomas, _c1959 |
||
| 300 |
_a106 p. _b: ilus. |
||
| 504 | _aBibliografía: p. 85-99 | ||
| 590 |
_aBATCH-UPD _b10 _c20130110 _lUCH01 _h0421 |
||
| 590 |
_aBATCH-UPD _b10 _c20130110 _lUCH01 _h2045 |
||
| 590 |
_aBATCH-UPD _b10 _c20130410 _lUCH01 _h0056 |
||
| 590 |
_aBATCH-UPD _b10 _c20130914 _lUCH01 _h0644 |
||
| 590 |
_aCONVERSION _b10 _c20130109 _lUCH01 _h1330 |
||
| 650 | 1 | 4 |
_aBioquímica. _912849 |
| 650 | 1 | 4 |
_aHerencia. _953725 |
| 901 | _aBK | ||
| 942 | _cLIBRO | ||
| 949 |
_a575.13 Z35 _bBC _cLIBRO _d33724000447017 _eLIBRO _h8573 _i61009 _si |
||
| 999 |
_c55884 _d55884 |
||